| 000 | 00948nam a22002057a 4500 | ||
|---|---|---|---|
| 003 | OSt | ||
| 005 | 20250827104320.0 | ||
| 008 | 240308b ||||| |||| 00| 0 eng d | ||
| 040 | _c0 | ||
| 082 | _aDPer 621.317 Ie21 July 2022 v. 37 n. 7 | ||
| 100 |
_aAzghandi, M. Ali. _eauthor. _954109 |
||
| 245 |
_aPassivity-based design of a fractional-order virtual capacitor for active damping of multiparalleled grid-connected current-source inverters / _cM. Ali Azghandi, S. Masoud Barakati, and Amirnaser Yazdani. |
||
| 260 |
_aNew York ; _bThe Institute of Electrical and Electronics Engineers, Inc. , _cJuly 2022. |
||
| 300 |
_avolume 37, pages 7809-7818 : _billustration ; _c28 cm. |
||
| 500 | _aIEEE Transactions on Power Electronics, vol. 37, no. 7, Pages 7809-7818, July 2022. | ||
| 700 |
_aAzghandi, M. Ali. _eauthor. _954109 |
||
| 700 |
_aBarakati, S. Masoud. _eauthor. _954110 |
||
| 700 |
_aYazdani, Amirnaser. _eauthor. _954111 |
||
| 942 |
_2ddc _cPER |
||
| 999 |
_c19548 _d19548 |
||